书目信息 |
| 题名: |
常用成语误用辨析
|
|
| 作者: | 骆小所 , 张盛如 主编 ;姜宝琦 编著 | |
| 分册: | ||
| 出版信息: | 北京 北京工业大学出版社 2000.01 |
|
| 页数: | 298页 | |
| 开本: | 19cm | |
| 丛书名: | 实用汉语丛书 | |
| 单 册: | ||
| 中图分类: | H136.3 | |
| 科图分类: | ||
| 主题词: | 汉语--成语 | |
| 电子资源: | ||
| ISBN: | 7-5639-0848-X | |
| 000 | 00878nam 2200265 450 | |
| 001 | 0154639712 | |
| 005 | 20050906080048.40 | |
| 010 | @a7-5639-0848-X@dCNY12.00 | |
| 100 | @a20050401d2000 km y0chiy0120 ea | |
| 101 | 0 | @achi |
| 102 | @aCN@b110000 | |
| 105 | @ay z 000yy | |
| 200 | 1 | @a常用成语误用辨析@Achang yong cheng yu wu yong bian xi@f骆小所, 张盛如主编@Fluo xiao suo,zhang sheng ru zhu bian@g姜宝琦 … [等] 编著@Gjiang bao qi…[deng]bian zhu |
| 210 | @a北京@c北京工业大学出版社@d2000.01 | |
| 215 | @a298页@d19cm | |
| 225 | 2 | @a实用汉语丛书 |
| 330 | @a本书选编了容易用错的常用成语534条。 | |
| 410 | 0 | @12001 @a实用汉语丛书 |
| 606 | 0 | @a汉语@x成语 |
| 690 | @aH136.3@v4 | |
| 701 | 0 | @a骆小所@Aluo xiao suo@4主编 |
| 701 | 0 | @a张盛如@Azhang sheng ru@4主编 |
| 702 | 0 | @a姜宝琦@Ajiang bao qi@4编著 |
| 801 | 0 | @aCN@bQSSK@c20050906 |
| 905 | @a10447@dH136.3@eL993 | |
| 常用成语误用辨析/骆小所, 张盛如主编/姜宝琦 … [等] 编著.-北京:北京工业大学出版社,2000.01 |
| 298页;19cm.-(实用汉语丛书) |
| ISBN 7-5639-0848-X:CNY12.00 |
| 本书选编了容易用错的常用成语534条。 |
| ● |
| 相关链接 |
|
|
|
正题名:常用成语误用辨析
索取号:H136.3/L993
 
预约/预借
| 序号 | 登录号 | 条形码 | 馆藏地/架位号 | 状态 | 备注 |
| 1 | 529757 | 205297579 | 语言库209/209语言库 72排2列2层/ [索取号:H136.3/L993] | 在馆 | |
| 2 | 529758 | 205297588 | 语言库209/209语言库 72排2列2层/ [索取号:H136.3/L993] | 在馆 | |
| 3 | 529759 | 205297597 | 语言库209/209语言库 72排2列2层/ [索取号:H136.3/L993] | 在馆 |